000 00833nam a2200253Ia 4500
003 GCL
008 140319s9999 xx 000 0 ara d
040 _aGCL /
_cGCL
082 0 4 _a370.1931
_bن ت
100 1 _aنوال سليمان رمضان
245 1 0 _aالتنشئة الاستهلاكية للطفل ودور الاسرة والاعلانات التجارية بالتليفزيون /
_cنوال سليمان رمضان
260 _a[S.N] :
_bدار النهضة العربية ،
_c1993
300 _a151 ص
490 _a
650 0 4 _aالاسرة
650 0 4 _aالتربية
650 0 4 _aالاطفال
650 0 4 _aالتليفزيون
650 0 4 _aتكاليف مستوى المعيشة
650 0 4 _aالاستهلاك
650 0 4 _aالاعلانات
650 0 4 _aترشيد
942 _2ddc
_cBK
999 _c32682
_d32682